BIBLIOTECA

SENCICO

Estadística para investigadores / (Registro nro. 167)

Detalles MARC
000 -LEADER
fixed length control field 01837nam a2200253Ia 4500
003 - CONTROL NUMBER IDENTIFIER
control field PE SENCICO BE
005 - DATE AND TIME OF LATEST TRANSACTION
control field 20251020182428.0
008 - FIXED-LENGTH DATA ELEMENTS--GENERAL INFORMATION
fixed length control field 200515s9999 xx 000 0 und d
020 ## - INTERNATIONAL STANDARD BOOK NUMBER
International Standard Book Number 958-8060-46-X
040 ## - CATALOGING SOURCE
Original cataloging agency PE SENCICO BE
Transcribing agency PE SENCICO BE
041 ## - LANGUAGE CODE
Language code of text/sound track or separate title spa
082 ## - DEWEY DECIMAL CLASSIFICATION NUMBER
Classification number 519.5
Item number Z82
100 1# - MAIN ENTRY--PERSONAL NAME
Personal name Zimmermann, Francisco José P.
9 (RLIN) 2396
Relator term autor
245 10 - TITLE STATEMENT
Title Estadística para investigadores /
Statement of responsibility, etc. Francisco José P. Zimmermann
250 ## - EDITION STATEMENT
Edition statement 1a ed.
260 ## - PUBLICATION, DISTRIBUTION, ETC.
Place of publication, distribution, etc. Bogotá, D.C. :
Name of publisher, distributor, etc. Escuela Colombiana de Ingeniería :
-- Universidad de la Sabana ;
Date of publication, distribution, etc. 2004
300 ## - PHYSICAL DESCRIPTION
Extent 423 p. .
Other physical details tbl. ;
Dimensions 24 cm.
490 ## - SERIES STATEMENT
Series statement Colección de Matemáticas
505 0# - FORMATTED CONTENTS NOTE
Formatted contents note Estadística e investigación -- Diseño completamente al azar -- Bloques completos al azar -- Diseño en cuadrado latino -- Diseños en bloques incompletos -- Diseños en reticulado -- Bloques aumentados de Federer (BAE) -- Ensayos factoriales -- Experimento en parcelas divididas y sus variaciones -- Confusión en ensayos factoriales -- Análisis de grupo de experimentos -- Regresión y correlación -- Análisis de covarianza -- Experimentos factoriales fraccionados. Análisis de varianza y su uso para estudio de superficies -- Estadística no paramétrica.
520 3# - SUMMARY, ETC.
Summary, etc. La obra aborda los diseños experimentales más difundidos y de uso corriente, los procedimientos y técnicas para su implantación. La recolección de datos y el análisis de aplicación de pruebas e hipótesis y la comparación de medias. Se estudia la correlación y la regresión, desde el más simple modelo matemático (linea recta) hasta las superficies de respuesta. En todos los procedimientos se ven los procesos paramétricos y las pruebas no paramétricas, si es el caso.
650 10 - SUBJECT ADDED ENTRY--TOPICAL TERM
Topical term or geographic name entry element Estadística matemática
9 (RLIN) 210
650 20 - SUBJECT ADDED ENTRY--TOPICAL TERM
Topical term or geographic name entry element Estadística descriptiva
9 (RLIN) 209
942 ## - ADDED ENTRY ELEMENTS (KOHA)
Koha item type Libros
Source of classification or shelving scheme Dewey Decimal Classification
Existencias
Fecha de la última vez que lo usaron Número de ingreso o de inventario Pago total Signatura topográfica completa Código de barras Precio efectivo desde Tipo de documento Estado perdido Sistema de clasificación Estado dañado No es para préstamo Retirado Ubicación permanente Ubicación actual Fecha de adquisición
10/07/2024 13913   519.5/Z82 BibLima24070064 10/07/2024 Libros   Dewey Decimal Classification       Biblioteca Central Lima Biblioteca Central Lima 10/07/2024